All UFC Heavyweight Champions - Statistics

General Stats
  • This quiz has been taken 25 times
  • The average score is 13 of 23
Answer Stats
Country Champion % Correct
Cameroon Francis N'Gannou
95%
USA Jon Jones
95%
USA Daniel Cormier
90%
USA Stipe Miocic
90%
USA Stipe Miocic
90%
UK Tom Aspinall
90%
USA Brock Lesnar
75%
USA Frank Mir
70%
Belarus Andrei Arlovski
55%
Netherlands Bas Rutten
55%
USA Cain Velasquez
55%
USA Cain Velasquez
55%
Brazil Junior dos Santos
55%
USA Mark Coleman
50%
Brazil Fabricio Werdum
45%
USA Kevin Randleman
40%
USA Randy Couture
40%
USA Randy Couture
40%
USA Randy Couture
40%
USA Tim Sylvia
40%
USA Maurice Smith
20%
USA Josh Barnett
15%
USA Ricco Rodriguez
15%
No matching quizzes found
Score Distribution
Percent of People with Each Score
Percentile by Number Answered
Your Score History
You have not taken this quiz